<?xml version="1.0" encoding="UTF-8"?>
<record
    xmlns:xsi="http://www.w3.org/2001/XMLSchema-instance"
    xsi:schemaLocation="http://www.loc.gov/MARC21/slim http://www.loc.gov/standards/marcxml/schema/MARC21slim.xsd"
    xmlns="http://www.loc.gov/MARC21/slim">

  <leader>00816nam a22002057a 4500</leader>
  <controlfield tag="001"> 86480</controlfield>
  <controlfield tag="003">BD-RjUL</controlfield>
  <controlfield tag="005">20260514124058.0</controlfield>
  <controlfield tag="008">260514s1957    pk ||||| |||| 00| 0 urd d</controlfield>
  <datafield tag="035" ind1=" " ind2=" ">
    <subfield code="a">(BD-RjUL) 86480</subfield>
  </datafield>
  <datafield tag="040" ind1=" " ind2=" ">
    <subfield code="a">BD-RjUL</subfield>
    <subfield code="b">eng</subfield>
    <subfield code="c">BD-RjUL</subfield>
  </datafield>
  <datafield tag="041" ind1=" " ind2=" ">
    <subfield code="a">urd</subfield>
  </datafield>
  <datafield tag="082" ind1=" " ind2=" ">
    <subfield code="2">23</subfield>
    <subfield code="a">891.439092</subfield>
    <subfield code="b">HAH 1957</subfield>
  </datafield>
  <datafield tag="100" ind1=" " ind2=" ">
    <subfield code="a">&#x62D;&#x627;&#x644;&#x649;&#x60C; &#x62E;&#x648;&#x627;&#x62C;&#x6C1; &#x627;&#x644;&#x637;&#x627;&#x641; &#x62D;&#x633;&#x649;&#x646;&#x60C; </subfield>
    <subfield code="d">1837-1914</subfield>
    <subfield code="9">18485</subfield>
  </datafield>
  <datafield tag="245" ind1="1" ind2="0">
    <subfield code="a">&#x62D;&#x6CC;&#x627;&#x62A; &#x62C;&#x627;&#x648;&#x64A;&#x62F;  / &#x1E24;ay&#x101;t-i J&#x101;ved /</subfield>
    <subfield code="c">:&#x62E;&#x648;&#x627;&#x62C;&#x6C1; &#x627;&#x644;&#x637;&#x627;&#x641; &#x62D;&#x633;&#x6CC;&#x646; &#x62D;&#x627;&#x644;&#x649; &#x61B; &#x645;&#x631;&#x62A;&#x628;&#x60C; &#x688;&#x627;&#x6A9;&#x679;&#x631; &#x639;&#x644;&#x649; &#x645;&#x62D;&#x645;&#x62F; &#x62E;&#x627;&#x6BA;,=  ; murattib,  K&#x332;h&#x332;v&#x101;jah Alt&#x324;&#x101;f &#x1E24;usain &#x1E24;&#x101;l&#x12B; (Author), &#x2BB;Al&#x12B; Mu&#x1E25;ammad K&#x332;h&#x332;&#x101;n&#x332; </subfield>
  </datafield>
  <datafield tag="300" ind1=" " ind2=" ">
    <subfield code="a">744 p. ;</subfield>
    <subfield code="c">22 cm</subfield>
  </datafield>
  <datafield tag="600" ind1=" " ind2=" ">
    <subfield code="a">&#x62C;&#x627;&#x648;&#x64A;&#x62F;</subfield>
    <subfield code="x">Biography</subfield>
    <subfield code="9">18486</subfield>
  </datafield>
  <datafield tag="700" ind1=" " ind2=" ">
    <subfield code="a"> K&#x332;h&#x332;&#x101;n&#x332;, Al&#x12B; Mu&#x1E25;ammad  ;;  &#x62E;&#x627;&#x6BA;&#x60C; &#x639;&#x644;&#x649; &#x645;&#x62D;&#x645;&#x62F;</subfield>
    <subfield code="9">18489</subfield>
  </datafield>
  <datafield tag="942" ind1=" " ind2=" ">
    <subfield code="2">ddc</subfield>
    <subfield code="c">BK</subfield>
  </datafield>
  <datafield tag="999" ind1=" " ind2=" ">
    <subfield code="c">86480</subfield>
    <subfield code="d">86480</subfield>
  </datafield>
  <datafield tag="952" ind1=" " ind2=" ">
    <subfield code="0">0</subfield>
    <subfield code="1">0</subfield>
    <subfield code="2">ddc</subfield>
    <subfield code="4">0</subfield>
    <subfield code="7">2</subfield>
    <subfield code="8">NFIC</subfield>
    <subfield code="a">RUCL</subfield>
    <subfield code="b">RUCL</subfield>
    <subfield code="c">Reading</subfield>
    <subfield code="d">2026-05-14</subfield>
    <subfield code="l">0</subfield>
    <subfield code="o">U 891.439092 HAH 1957</subfield>
    <subfield code="r">2026-05-14 12:37:27</subfield>
    <subfield code="t">C-1</subfield>
    <subfield code="w">2026-05-14</subfield>
    <subfield code="y">BK</subfield>
  </datafield>
</record>
